000 00581nam a2200205Ia 4500
005 20250508162800.0
008 008 250505s9999 xx 000 0 eng d
020 _a81-7041-206-4
037 _aTextual
040 _aFEDL
_beng
_cFEDL
041 _aeng
_2eng
084 _a330.7, ENA
_qFEDL
100 _aEnaohwo John O.
_9774041
245 0 _aEconomics of education and the planning challenge
260 _aNew Delhi, India
_bAnmol Publications
_c1990
300 _aix,282p.
650 _aEconomics
942 _cTEXL
_h330.7, ENA
999 _c1378668
_d1378668